|
|
|
|
| LEADER |
00000nam0a2200000 4500 |
| 001 |
48791 |
| 005 |
20231031032408.0 |
| 010 |
|
|
|a 5222027716
|
| 035 |
|
|
|a (RuTPU)RU\TPU\book\51095
|
| 090 |
|
|
|a 48791
|
| 100 |
|
|
|a 20030321d2002 m y0rusy50 ca
|
| 101 |
0 |
|
|a rus
|
| 102 |
|
|
|a RU
|
| 105 |
|
|
|a y j 001zy
|
| 200 |
1 |
|
|a Основы стандартизации, метрологии, сертификации
|e конспект лекций
|f сост. М. И. Басаков
|
| 210 |
|
|
|a Ростов-на-Дону
|c Феникс
|d 2002
|
| 215 |
|
|
|a 192 с.
|
| 225 |
1 |
|
|a Зачет и экзамен
|
| 320 |
|
|
|a Библиогр.: с. 187-188.
|
| 610 |
1 |
|
|a организация производства
|
| 610 |
1 |
|
|a стандартизация
|
| 610 |
1 |
|
|a метрология
|
| 610 |
1 |
|
|a сертификация
|
| 610 |
1 |
|
|a правовые основы
|
| 610 |
1 |
|
|a Россия
|
| 610 |
1 |
|
|a федеральные органы
|
| 610 |
1 |
|
|a измерения
|
| 610 |
1 |
|
|a лекции
|
| 610 |
1 |
|
|a учебные пособия
|
| 675 |
|
|
|a 006(07)
|v 4
|
| 675 |
|
|
|a 658.562.012.7(07)
|v 3
|
| 702 |
|
1 |
|a Басаков
|b М. И.
|g Михаил Иванович
|4 220
|4 070
|
| 801 |
|
1 |
|a RU
|b 63413507
|c 20030321
|g PSBO
|
| 801 |
|
2 |
|a RU
|b 63413507
|c 20121008
|g PSBO
|
| 942 |
|
|
|c BK
|